| 000 | 00996cab a2200265 4500 | ||
|---|---|---|---|
| 001 | ABS59967 | ||
| 008 | 090401t1999 xxu||||| |||| 00| 0 eng d | ||
| 035 | _a(Sirsi) u90587 | ||
| 041 | _aeng | ||
| 100 | _aGibb, C. | ||
| 245 | _aFair rents and scarcity in the rented housing sector | ||
| 260 | _c1999 | ||
| 350 | _a0 | ||
| 490 |
_aCSM _bChartered Surveyor Monthly _v8(5) January 1999, 54-55(2) |
||
| 520 | _aPart one of an analysis on the supply and demand of rented housing. Clarifies what actually constitutes a substantial demand and reviews the impact it has on the assessment of fair rents. Focuses on the supply of rented housing, and the financial returns for the property owner through alternative uses. Part two ABS 59968. | ||
| 650 | _aASSESSMENTS | ||
| 650 | _aFAIR RENTS | ||
| 650 | _aRENTAL MARKET | ||
| 650 | _aRENTED HOUSING MARKET | ||
| 650 | _aSCARCITY | ||
| 650 | _aSUPPLY AND DEMAND | ||
| 690 |
_aBlock management _96220 |
||
| 942 | _n0 | ||
| 948 | _c08/01/1999 | ||
| 999 |
_c57445 _d57445 |
||